Vice President of India 🇮🇳 - Statistics

General Stats
  • This quiz has been taken 8 times
  • The average score is 8 of 14
Answer Stats
Tenure Name % Correct
May 13, 1952 - May 12, 1962 Dr Sarvepalli Radhakrishnan
71%
September 03, 1987 - July 24, 1992 Dr Shankar Dayal Sharma
71%
August 11, 2007 - August 10, 2017 Mohammad Hamid Ansari
71%
August 11, 2017 - 11 August 2022 M. Venkaiah Naidu
71%
August 31, 1974 - August 30, 1979 Bd Jatti
57%
August 19, 2002 - July 21, 2007 Bhairon Singh Shekhawat
57%
May 13, 1962 - May 13, 1967 Dr Zakir Hussain
57%
August 21, 1992 - July 24, 1997 KR Narayanan
57%
August 31, 1984 - July 24, 1987 R. Venkataraman
57%
May 13, 1967 - May 03, 1969 Varahagiri Venkata Giri
57%
August 31, 1969 - August 30, 1974 Gopal Swarup Pathak
43%
11 August 2022 - till date Jagdeep Dhankhar
43%
August 21, 1997 - July 21, 2002 Krishna Kant
43%
August 31, 1979 - August 30, 1984 Justice Muhammad Hidayatullah
14%
No matching quizzes found
Score Distribution
Percent of People with Each Score
Percentile by Number Answered
Your Score History
You have not taken this quiz